000 00636nam a2200229Ia 4500
008 220216s9999 xx 000 0 und d
100 _aSobha S
245 0 _aHigh frequency Agobacterium mediated henetic transformation in rubber tree via vacuum infiltration
260 _bJournal of Plantation Crops
_c2013
300 _a300-306
650 _aGenetic transformation
650 _aRubber tree
650 _aVacuum infiltration
700 _aDeepa K
700 _aJayashree R
700 _aJayasree P
700 _aKala R G
700 _aRekha K
700 _aSushamakumari S
700 _aThulaseedharan A
942 _cBS
999 _c48833
_d48833